<?xml version="1.0" encoding="UTF-8"?>
<marc:record xmlns:marc="http://www.loc.gov/MARC21/slim">
   <marc:leader>00000nam a2200000 a 4500</marc:leader>
   <marc:datafield ind1="1" ind2=" " tag="100">
      <marc:subfield code="a">Bandixen, Ocke</marc:subfield>
      <marc:subfield code="4">aut</marc:subfield>
      <marc:subfield code="e">Verfasser/-in</marc:subfield>
   </marc:datafield>
   <marc:datafield ind1="0" ind2="0" tag="245">
      <marc:subfield code="a">Der Wunderstürmer - Hilfe, ich habe einen Fußballstar gekauft!</marc:subfield>
   </marc:datafield>
   <marc:datafield ind1="0" ind2="0" tag="245">
      <marc:subfield code="b">; Band 1; Antolin</marc:subfield>
   </marc:datafield>
   <marc:datafield ind1=" " ind2="1" tag="264">
      <marc:subfield code="b">Loewe</marc:subfield>
      <marc:subfield code="c">2019</marc:subfield>
   </marc:datafield>
   <marc:datafield ind1="1" ind2=" " tag="490">
      <marc:subfield code="a">Der Wunderstürmer</marc:subfield>
   </marc:datafield>
   <marc:datafield ind1="1" ind2=" " tag="520">
      <marc:subfield code="a">Die neue Kinderbuchreihe für Jungs ab 9 Jahren: Tim liebt Fußball über alles! Leider ist er nicht gerade der beste Spieler, deswegen zockt er lieber Ball im Netz auf seinem Handy. Bis plötzlich ein echter Fußballstar vor seiner Haustür steht. Aber den hat er doch bloß im Internet gekauft à oder? Was bleibt Tim anderes übrig, als Sergio Mavalli zu trainieren - jetzt, wo er sowieso da ist. Denn mal ehrlich: Der FC Hegenwald kann die Profi-Unterstützung wirklich gut gebrauchen à Können Tim und sein Team ihren neuen Freund überreden, zu bleiben?</marc:subfield>
   </marc:datafield>
   <marc:datafield ind1=" " ind2=" " tag="020">
      <marc:subfield code="a">9783743202764</marc:subfield>
      <marc:subfield code="9">9783743202764</marc:subfield>
   </marc:datafield>
</marc:record>
